000 00770nam a2200229Ia 4500
003 GCL
008 140319s9999 xx 000 0 ara d
020 _a0090367977
040 _aGCL /
_cGCL
082 0 4 _a811.082
_bف د
100 1 _aاحمد صدقى الدجانى
245 1 0 _aديوان المقاومة /
_cاحمد صدقى الدجانى
700 1 _aفهمى هويدى
700 1 _aفريد عبدالخالق
250 _aالاولى
260 _aالقاهرة :
_bمركز الاعلام العربى ،
_c2003
300 _a70 ص ؛
_c20 سم
650 0 4 _aالشعر العربى - دواوين وقصائد
650 0 4 _aالشعر العربى - مجموعات
650 0 4 _aالشعر السياسى - فلسطين
942 _2ddc
_cBK
999 _c8859
_d8859